|
|
|
|
| LEADER |
00896nam a2200241 u 4500 |
| 001 |
10011470 |
| 003 |
upatras |
| 005 |
20210117204401.0 |
| 008 |
881025s1976 ii eng |
| 040 |
|
|
|a GR-PaULI
|c GR-PaULI
|
| 041 |
0 |
|
|a eng
|
| 082 |
0 |
4 |
|a 210
|
| 100 |
1 |
|
|a Hodson, Geoffrey
|9 5696
|
| 245 |
1 |
0 |
|a The kingdom of the gods
|c by Geoffrey Hodson; illustrated by Ethelwynne M. Quail
|
| 260 |
|
|
|a Adyar
|b The Theosophical Publishing House
|c 1976
|
| 300 |
|
|
|a xxiii, 272 p.
|c 23 cm
|
| 505 |
1 |
|
|a ncludes index
|
| 650 |
|
4 |
|9 5988
|a Φιλοσοφία
|x Θρησκευτικές απόψεις
|
| 700 |
1 |
|
|a Quail, Ethelwynne M.
|9 128882
|
| 852 |
|
|
|a GR-PaULI
|b ΠΑΤΡΑ
|b ΒΚΠ
|b ΒΣ1
|k ΔΩΡΕΕΣ
|h Κ 210 H
|m 26097
|t 1
|
| 942 |
|
|
|2 ddc
|
| 952 |
|
|
|0 0
|1 0
|4 0
|6 Κ_210_000000000000000_H
|7 0
|9 144338
|a LISP
|b LISP
|c BSC
|d 2016-04-24
|i 26097
|l 0
|o Κ 210 H
|r 2016-04-24 00:00:00
|t 1
|w 2016-04-24
|
| 999 |
|
|
|c 93925
|d 93925
|